| Tag |
First Indicator |
Second Indicator |
Subfields |
| LEADER |
00000cam a22000001i 4500 |
| 001 |
in00003965537 |
| 006 |
m |o d | |
| 007 |
cr |n||||||||| |
| 008 |
171114s2017 enk o 000 0 eng d |
| 005 |
20250816191504.3 |
| 020 |
|
|
|a 0190645385 (electronic bk.)
|
| 020 |
|
|
|a 9780190645380 (electronic bk.)
|
| 020 |
|
|
|z 0190222026 (jacketed hardcover : alk. paper)
|
| 020 |
|
|
|z 9780190222024 (jacketed hardcover : alk. paper)
|
| 024 |
8 |
|
|a 99974164055
|
| 035 |
|
|
|a (NhCcYBP)ybp13142054
|
| 035 |
|
|
|a 5573020
|
| 040 |
|
|
|a NhCcYBP
|c NhCcYBP
|d UtOrBLW
|
| 050 |
|
4 |
|a BF575.F66
|b P79 2017
|
| 082 |
0 |
4 |
|a 158.2/5
|2 23
|
| 245 |
0 |
4 |
|a The psychology of friendship /
|c edited by Mahzad Hojjat, Anne Moyer.
|
| 264 |
|
1 |
|a Oxford ;
|a New York :
|b Oxford University Press,
|c [2017]
|
| 300 |
|
|
|a 1 online resource.
|
| 336 |
|
|
|a text
|b txt
|2 rdacontent
|
| 337 |
|
|
|a computer
|b c
|2 rdamedia
|
| 338 |
|
|
|a online resource
|b cr
|2 rdacarrier
|
| 500 |
|
|
|a Electronic resource.
|
| 504 |
|
|
|a Includes bibliographical references and index.
|
| 505 |
0 |
0 |
|t Psychological aspects of friendship across the life span, settings, and relationships /
|r Mahzad Hojjat and
|r Anne Moyer --
|t Friendship in childhood and adolescence /
|r Cynthia A. Erdley and
|r Helen J. Day --
|t Friendships in young and middle adulthood: normative patterns and personality differences /
|r Cornelia Wrzus,
|r Julia Zimmermann,
|r Marcus Mund, and
|r Franz J. Neyer --
|t Interactive motifs and processes in old age friendship /
|r Rebecca G. Adams,
|r Julia Hahmann, and
|r Rosemary Blieszner --
|t The hackneyed notions of adult "same-sex" and "opposite-sex" friendships /
|r Michael Monsour --
|t Friendships across race, ethnicity, and sexual orientation /
|r Suzanna M. Rose and
|r Michelle M. Hospital --
|t Frienship and social media /
|r Andrew M. Ledbetter --
|t Friendship and romance: a need-fulfillment perspective /
|r Laura E. Vanderdrift,
|r Christopher R. Agnew, and
|r Ezgi Besikci --
|t Friendship among coworkers /
|r Rachel L. Morrison and
|r Helena D. Cooper-Thomas --
|t Mentors as friends /
|r Laura Gail Lunsford --
|t Animals as friends: social psychological implications of human-pet relationships /
|r Allen R. McConnell,
|r E. Paige Lloyd,
|r Tonya M. Buchanan --
|t The aftermath: friendship after romantic relationship termination /
|r Eddie M. Clark,
|r Priscilla Fernandez,
|r Abigail L. Harris,
|r Michelle Hasan, and
|r Katheryn B. Votaw --
|t Transgression, forgiveness, and revenge in friendship /
|r Mahzad Hojjat,
|r Susan D. Boon, and
|r Elizabeth B. Lozano,
|t Competition in friendship /
|r David R. Hibbard and
|r Gail E. Walton --
|t Friendship and health /
|r Julianne Holt-Lunstad --
|t Friensship and mental health functioning /
|r Alan R. King,
|r Tiffany D. Russell, and
|r Amy C. Vieth --
|t Maintaining long-lasting friendships /
|r Debra L. Oswald --
|t Friendship: an echo, a hurrah, and other reflections /
|r Daniel Perlman.
|
| 588 |
|
|
|a Description based on print version record.
|
| 650 |
|
0 |
|a Friendship
|x Psychological aspects.
|
| 655 |
|
7 |
|a Electronic books.
|2 local
|
| 700 |
1 |
|
|a Hojjat, Mahzad,
|e editor.
|0 http://id.loc.gov/authorities/names/n97034434
|
| 700 |
1 |
|
|a Moyer, Anne,
|e editor.
|
| 710 |
2 |
|
|a UPSO (University Press Scholarship Online)
|
| 776 |
1 |
8 |
|c Original
|z 9780190222024
|z 0190222026
|w (DLC) 2016014079
|
| 856 |
4 |
0 |
|u http://proxy.library.tamu.edu/login?url=https://dx.doi.org/10.1093/acprof:oso/9780190222024.001.0001
|z Connect to the full text of this electronic book
|t 0
|
| 955 |
|
|
|a YBP purchased firm e-records
|
| 980 |
|
|
|b 157.39
|g 1
|
| 999 |
f |
f |
|s 4d17ebc5-0285-394b-a9e4-cc58f2b52284
|i 4bd78807-fc5e-3f21-9af7-4d534ed08c85
|t 0
|
| 952 |
f |
f |
|a Texas A&M University
|b College Station
|c Electronic Resources
|d Available Online
|t 0
|e BF575.F66 P79 2017
|h Library of Congress classification
|
| 998 |
f |
f |
|a BF575.F66 P79 2017
|t 0
|l Available Online
|